000 00885nam a22003017a 4500
001 BR6010823
003 BR-BrBNA
005 20230928083348.0
007 ta
008 230509b bl.||||| |||| 00| 0 por d
040 _aBR-BrBNA
_bpor
_cBiblioteca Nacional de Agricultura
041 _a(Por)
072 _aE14; P05
_b0230
_b1540
_b0170
_b8901
090 _ 0230 BR6010823
100 1 _aFialho, A.A.
245 1 _aPrograma estadual de producao de materias-primas energeticas
260 3 _aBelo Horizonte, MG (Brasil):
_c[nd].
300 _a35 p.
500 _a(*) Documento disponível no(a) Secretaria de Estado da Agricultura, Belo Horizonte, MG (Brazil)
650 _aMATERIA PRIMA
650 _aCULTURA ENERGETICA
650 _aCANA DE ACUCAR
650 _aMANDIOCA
650 _aSORGO
650 _aMADEIRA
909 _a202309
_bLucia
_c55
_dLucia Elande
942 _cBK
999 _c13044
_d13044